000 00477nam a22001457a 4500
005 20251113095411.0
008 251113b |||||||| |||| 00| 0 eng d
020 _a979-8-88715-082-6
245 _aLIBRARY NETWORKING
260 _aDUBLIN
_bORYSON PRESS
_c2023
300 _aVI, 280P.
500 _aINCLUDES INDEX
650 _a1. INFORMATION TECHNOLOGY -LIBRARY APPLICATION 2. LIBRARY INFORMATION TECHNOLOGY 3. INFORMATION TECHNOLOGY- LIBRARY APPLICATIONS
942 _2lcc
_cBK
999 _c216177
_d216177